[Event "Synthesia Rapid Open"]
[Site "Pardubice CZE"]
[Date "2009.07.23"]
[Round "8"]
[White "Vokac,M"]
[Black "Adamek,J"]
[Result "1/2-1/2"]
[WhiteElo "2466"]
[BlackElo "2278"]

1.d4 Nf6 2.c4 e6 3.Nf3 Bb4+ 4.Bd2 Qe7 5.g3 O-O 6.Bg2 Bxd2+ 7.Nbxd2 d6 8.O-O e5
9.e4 a5 10.Re1 Na6 11.h3 c5 12.d5 g6 13.Nb1 Ne8 14.Nc3 f5 15.exf5 gxf5 16.Nd2 Qg7
17.Kh2 Nf6 18.Nb5 Qe7 19.f4 e4 20.Nf1 Nc7 21.Nxc7 Qxc7 22.Ne3 h5 23.Rg1 Qh7
24.Bf1 a4 25.Be2 Bd7 26.Qd2 Qh6 27.Raf1 Kf7 28.Rg2 Rg8 29.Qe1 Qh8 30.Qf2 Ra6
31.Rb1 Rb6 32.Kg1 Qh6 33.Kf1 Qh8 34.Qe1 Ra8 35.Bd1 Qh6 36.h4 Kg6 37.Qc3 Qh8
38.Rc2 Rb4 39.Qd2 Ne8 40.Rc3 Qd4 41.Ke1 Ng7 42.Ra3 Qf6 43.Be2 Ra6 44.Rc3 Qd4
45.Rd1 Qf6 46.Qc1 Bc8 47.Rd2 Bd7 48.Kf2 Bc8 49.Bd1 Bd7 50.a3 Rbb6 51.Bc2 Ra8
52.Bb1 Re8 53.Qc2 Ra8 54.Qc1 Re8 55.Bc2 Ra8 56.Bd1 Re8 57.b3 axb3 58.Rxb3 Ra6
59.Qb2 Bc8 60.a4 Qd8 61.Rb6  1/2-1/2

[Event "17th Open"]
[Site "Saint Affrique FRA"]
[Date "2009.07.23"]
[Round "7"]
[White "Mohota,N"]
[Black "Riff,JN"]
[Result "1/2-1/2"]
[WhiteElo "2315"]
[BlackElo "2505"]

1.d4 Nf6 2.c4 e6 3.Nf3 Bb4+ 4.Bd2 c5 5.Bxb4 cxb4 6.e3 b6 7.Bd3 Bb7 8.Nbd2 O-O
9.O-O a5 10.Qc2 d6 11.Ne4 Bxe4 12.Bxe4 Ra7 13.Bd3 Rc7 14.Qe2 Qe7 15.Rac1 Rfc8
16.Rcd1 e5 17.Bf5 Re8 18.Rc1 Nc6 19.Qd1 g6 20.Bh3 Ne4 21.g3 Qf6 22.Bg2 exd4
23.exd4 Rce7 24.d5 Ne5 25.Nd4 Nc5 26.Nc6 Ned3 27.Nxe7+ Rxe7 28.Rc2 a4 29.b3 a3
30.Qa1 Nb2 31.Re1 Rxe1+ 32.Qxe1 Nbd3 33.Qd1 Qf5 34.Re2 Ne5 35.f4 Ned7 36.Re8+ Kg7
37.Qd4+ Nf6 38.Re1 h5 39.Qd2 h4 40.Rd1 hxg3 41.hxg3 Qg4 42.Rf1 Qxg3 43.Rf3 Qh4
44.Qxb4 Nfe4 45.Qxa3 Qe1+ 46.Kh2 Nd2 47.Qb2+ f6 48.Qc3 Nce4 49.Qe3 Nxf3+
50.Qxf3 f5 51.a3 Nd2 52.Qc3+ Kg8 53.Qf6 Kh7 54.Qf7+ Kh6 55.Qf8+ Kh5 56.Qxd6 Qf2
57.Kh1 Nf3 58.Bxf3+ Qxf3+ 59.Kh2 Qf2+ 60.Kh3 Qf3+ 61.Kh2 Qe2+ 62.Kh3 Qd3+
63.Kh2 Qc2+ 64.Kg1 Qd1+  1/2-1/2

[Event "Czech Open A"]
[Site "Pardubice CZE"]
[Date "2009.07.24"]
[Round "1"]
[White "Gutman,G"]
[Black "Korstin,M"]
[Result "1/2-1/2"]
[WhiteElo "2508"]
[BlackElo "2279"]

1.d4 Nf6 2.Nf3 e6 3.c4 Bb4+ 4.Bd2 Bxd2+ 5.Nbxd2 Qe7 6.g3 d6 7.Bg2 O-O 8.O-O e5
9.e4 b6 10.h3 a5 11.Qc2 Nc6 12.d5 Nb4 13.Qc3 Na6 14.b3 Kh8 15.a3 Nc5 16.Ne1 Ng8
17.b4 axb4 18.axb4 Rxa1 19.Qxa1 Na6 20.Nd3 f5 21.exf5 Bxf5 22.Ne4 Bxe4 23.Bxe4 Nf6
24.Bf5 Nb8 25.Qa7 b5 26.Be6 bxc4 27.Nb2 c3 28.Na4 c2 29.Rc1 Nc6 30.dxc6 Qxe6
31.Rxc2 Qxh3 32.Qxc7 Ng4 33.Qb6 Qh2+ 34.Kf1 Qxg3 35.Ke1 Qg1+ 36.Kd2 Rxf2+
37.Kc3 Qa1+ 38.Kb3 Qb1+ 39.Ka3 Rf8 40.Rc3 Ra8 41.Qb5 Ne3 42.c7 Qa1+ 43.Kb3 Qb1+
44.Ka3 Qa1+ 45.Kb3  1/2-1/2

[Event "ch-Euro Senior w"]
[Site "Rogaska Slatina SLO"]
[Date "2009.07.24"]
[Round "3"]
[White "Khropova,L"]
[Black "Kabanova,I"]
[Result "1-0"]
[WhiteElo "2060"]
[BlackElo "2047"]

1.d4 Nf6 2.c4 e6 3.Nf3 Bb4+ 4.Bd2 Be7 5.Nc3 d5 6.Qc2 c5 7.e3 Nbd7 8.cxd5 exd5
9.dxc5 Nxc5 10.Bb5+ Bd7 11.O-O O-O 12.Bxd7 Qxd7 13.Rfd1 Rfd8 14.Rac1 Rac8
15.Qb1 b6 16.Be1 Qb7 17.b4 Nce4 18.Nd4 Nxc3 19.Bxc3 Ne4 20.Ba1 Rxc1 21.Rxc1 Rc8
22.b5 Ba3 23.Rxc8+ Qxc8 24.Nc6 Qd7 25.Qd3 Bc5 26.Bd4 f6 27.f3 Ng5 28.Bxc5 bxc5
29.Qxd5+ Qxd5 30.Ne7+ Kf7 31.Nxd5 Ke6 32.Nc3 Kd7 33.a4 Ne6 34.Kf2 Kc7 35.a5 c4
36.e4 Nc5 37.Ke3 Nb3 38.Nd5+ Kd6 39.a6 c3 40.Nxc3 Kc5 41.f4 Na5 42.e5 fxe5
43.fxe5 Nc4+ 44.Ke4 g6 45.g4 h6 46.h4 Nd2+ 47.Kf4 Nc4 48.h5 g5+ 49.Ke4 Kb6
50.Kd4 Nd2 51.e6 Nb3+ 52.Kd5  1-0

[Event "2nd Open"]
[Site "Paleohora GRE"]
[Date "2009.07.25"]
[Round "6"]
[White "Banikas,H"]
[Black "Turov,M"]
[Result "1/2-1/2"]
[WhiteElo "2598"]
[BlackElo "2561"]

1.d4 Nf6 2.c4 e6 3.Nf3 Bb4+ 4.Bd2 a5 5.g3 d6 6.Bg2 Nc6 7.O-O e5 8.Bg5 exd4
9.Nxd4 Nxd4 10.Qxd4 h6 11.Bf4 O-O 12.Nc3 Qe7 13.e4 Be6 14.b3 Qd7 15.Na4 Bxc4
16.Qxc4 b5 17.Qc1 bxa4 18.e5 dxe5 19.Bxe5 Ra6 20.Qxc7 axb3 21.axb3 Qd3 22.Rfd1 Qxb3
23.Bf1 Ne8 24.Qc8 Ra7 25.Rd8 Re7 26.Bd4 Qe6 27.Bc5  1/2-1/2

[Event "Czech Open A"]
[Site "Pardubice CZE"]
[Date "2009.07.25"]
[Round "2"]
[White "Hanko,P"]
[Black "Krumpacnik,D"]
[Result "0-1"]
[WhiteElo "2192"]
[BlackElo "2361"]

1.d4 Nf6 2.Nf3 e6 3.c4 Bb4+ 4.Bd2 Qe7 5.g3 O-O 6.Bg2 Bxd2+ 7.Nbxd2 d6 8.e4 e5
9.d5 Bg4 10.h3 Bxf3 11.Qxf3 Nbd7 12.O-O a5 13.b3 g6 14.g4 h5 15.a3 Kg7 16.b4 Rh8
17.g5 Nh7 18.h4 Rhf8 19.Qe3 f6 20.Nf3 fxg5 21.Nxg5 Nxg5 22.Qxg5 Qxg5 23.hxg5 Rf4
24.f3 Nf8 25.c5 Nh7 26.cxd6 cxd6 27.Rac1 axb4 28.Rc7+ Rf7 29.Rxf7+ Kxf7 30.axb4 Ke7
31.Rc1 Kd8 32.f4 exf4 33.e5 dxe5 34.d6 Ra6 35.Bxb7 Rxd6 36.Rc5 Nxg5 37.Rxe5 Nf7
38.Ra5 Kc7 39.Be4 Kb6 40.Rc5 Rf6 41.Bf3 Nd8 42.Rd5 Nc6 43.b5 Ne7 44.Rd7 Nf5
45.Rb7+ Kc5 46.Be2 Ng3 47.Bf3 g5 48.Re7 g4 49.Bc6 f3 50.Kf2 Nh1+ 51.Kf1 h4
52.Re5+ Kb6 53.Rg5 Rf4 54.Rg6 Ka5 55.Rd6 h3 56.b6 g3  0-1

[Event "Continental ch-Americas"]
[Site "Sao Paulo BRA"]
[Date "2009.07.25"]
[Round "1"]
[White "Aoyama,E"]
[Black "Livshits,R"]
[Result "0-1"]
[WhiteElo "1963"]
[BlackElo "2332"]

1.d4 Nf6 2.c4 e6 3.Nf3 Bb4+ 4.Bd2 c5 5.e3 O-O 6.Bxb4 cxb4 7.Bd3 d6 8.O-O Re8
9.Nbd2 e5 10.Qc2 Nc6 11.b3 Bg4 12.Bf5 Bh5 13.Rfe1 Qe7 14.d5 Nb8 15.Ng5 Bg6
16.Ndf3 Nbd7 17.Bxg6 hxg6 18.e4 Nc5 19.Qd2 a5 20.h3 Nfd7 21.Nh4 a4 22.Qe3 Ra6
23.Qg3 Rea8 24.Rab1 axb3 25.axb3 Nf6 26.Re3 Ra2 27.Nhf3 Nh5 28.Qh4 f6 29.g4 fxg5
30.Nxg5 Nf6 31.Rf3 Re2 32.Nh7 Ncxe4  0-1

[Event "Czech Open A"]
[Site "Pardubice CZE"]
[Date "2009.07.26"]
[Round "3"]
[White "Panteleev,P"]
[Black "Terrieux,K"]
[Result "1-0"]
[WhiteElo "2317"]
[BlackElo "2442"]

1.d4 Nf6 2.Nf3 e6 3.c4 Bb4+ 4.Bd2 c5 5.Bxb4 cxb4 6.g3 O-O 7.Bg2 d6 8.O-O Nc6
9.Qd3 e5 10.Nbd2 Bg4 11.h3 Bh5 12.d5 Nb8 13.a3 Na6 14.axb4 Nxb4 15.Qc3 a5
16.e4 Rc8 17.Rfc1 Nd7 18.Ne1 Nc5 19.Nb3 Nxb3 20.Qxb3 Be2 21.Bf3 Bxf3 22.Nxf3 f5
23.exf5 Rxf5 24.Nd2 b6 25.Ne4 Qc7 26.Rc3 h6 27.Rf1 Rcf8 28.Kg2 Qf7 29.Qd1 g5
30.Qe2 Qg6 31.Qe3 R5f7 32.f3 Rb8 33.Rf2 b5 34.b3 Kh7 35.Qd2 bxc4 36.bxc4 Rc8
37.Qe2 Rfc7 38.c5 dxc5 39.d6 Rf7 40.Nxc5 Qe6 41.Ne4  1-0

[Event "Najdorf Mem Open"]
[Site "Warsaw POL"]
[Date "2009.07.26"]
[Round "9"]
[White "Staniszewski,Pi"]
[Black "Adamski,J"]
[Result "1/2-1/2"]
[WhiteElo "2383"]
[BlackElo "2276"]

1.d4 Nf6 2.c4 e6 3.Nf3 Bb4+ 4.Bd2 Qe7 5.g3 Nc6 6.Nc3 O-O 7.Bg2 Na5 8.b3 b6
9.Ne5 Bb7 10.Bxb7 Nxb7 11.O-O c5 12.e3 Rac8 13.Qf3 d5  1/2-1/2

[Event "ch-Euro Senior w"]
[Site "Rogaska Slatina SLO"]
[Date "2009.07.27"]
[Round "6"]
[White "Shmyreva,T"]
[Black "Kabanova,I"]
[Result "0-1"]
[WhiteElo "1814"]
[BlackElo "2047"]

1.d4 Nf6 2.c4 e6 3.Nf3 Bb4+ 4.Bd2 Be7 5.Nc3 d5 6.e3 O-O 7.c5 c6 8.Bd3 b6
9.b4 Nbd7 10.Rc1 Qc7 11.O-O bxc5 12.bxc5 a5 13.Bb1 g6 14.g3 e5 15.e4 dxe4
16.Nxe4 Nxe4 17.Bxe4 Nf6 18.Qe2 Ba6 19.Bd3 Bxd3 20.Qxd3 e4 21.Qe3 exf3 22.Qxf3 Nd5
23.Rfe1 Bf6 24.Re4 Rfe8 25.Rce1 Rxe4 26.Rxe4 Rb8 27.Kg2 a4 28.Qd1 Ra8 29.Qe1 Qd7
30.a3 Bg7 31.Bc3 Kf8 32.Qd2 Re8 33.Rxe8+ Qxe8 34.Bb2 Qe4+ 35.Kg1 h5 36.h4 f5
37.Qd1 f4 38.f3 Qe3+ 39.Kg2 fxg3 40.Kxg3 Qf4+ 41.Kh3 Bf6 42.Bc1 Qxh4+ 43.Kg2 Qxd4
44.Bh6+ Kf7 45.Qe2 g5 46.Qa6 Nf4+ 47.Kf1 Qd3+ 48.Qxd3 Nxd3  0-1

[Event "MTO"]
[Site "Biel SUI"]
[Date "2009.07.28"]
[Round "8"]
[White "Stella,A"]
[Black "Meins,G"]
[Result "1-0"]
[WhiteElo "2301"]
[BlackElo "2488"]

1.d4 Nf6 2.c4 e6 3.Nf3 Bb4+ 4.Bd2 Qe7 5.g3 Nc6 6.Bg2 Bxd2+ 7.Nbxd2 d6 8.O-O O-O
9.e4 e5 10.d5 Nb8 11.Ne1 Nbd7 12.b4 a5 13.a3 axb4 14.axb4 Rxa1 15.Qxa1 c5
16.Nd3 cxb4 17.Qa5 Nc5 18.Nxc5 dxc5 19.Nb3 Nd7 20.Qc7 Qd8 21.Qd6 b6 22.Ra1 f5
23.Ra7 fxe4 24.Bh3 Qf6 25.Qe6+ Kh8 26.Qxf6 Nxf6 27.Ra8 b5 28.cxb5 Nxd5 29.Rxc8 Rxc8
30.Bxc8 c4 31.Na5 c3 32.Be6 Nb6 33.Kf1 g6 34.Ke2 Kg7 35.Bb3 Kf6 36.Nc4 Nd7
37.b6 Ke7 38.b7 Kd8 39.Nb6 Nb8 40.Nd5  1-0

[Event "Czech Open A"]
[Site "Pardubice CZE"]
[Date "2009.07.28"]
[Round "5"]
[White "Gavrilov,Al1"]
[Black "Pajeken,W"]
[Result "1/2-1/2"]
[WhiteElo "2480"]
[BlackElo "2322"]

1.d4 Nf6 2.c4 e6 3.Nf3 Bb4+ 4.Bd2 c5 5.Bxb4 cxb4 6.g3 O-O 7.Bg2 d6 8.O-O Nc6
9.Nbd2 e5 10.d5 Nb8 11.Ne1 a5 12.a3 Na6 13.Nd3 bxa3 14.Rxa3 Rb8 15.Qa1 b6
16.Rb1 Bg4 17.e4 Be2 18.Nc1 Bh5 19.Na2 Nd7 20.b4 Nxb4 21.Nxb4 axb4 22.Rxb4 Nc5
23.Rb1 Bg6 24.Qc3 f5 25.exf5 Bxf5 26.Rba1 b5 27.cxb5 Rxb5 28.Qe3 Rb4 29.Nf3 Qb6
30.h3 h6  1/2-1/2

[Event "ZMD Open"]
[Site "Dresden GER"]
[Date "2009.07.30"]
[Round "6"]
[White "Kelbling,A"]
[Black "Ries,Ber"]
[Result "1/2-1/2"]
[WhiteElo "1924"]
[BlackElo "2033"]

1.d4 Nf6 2.c4 e6 3.Nf3 Bb4+ 4.Bd2 Qe7 5.g3 Nc6 6.Bg2 O-O 7.O-O Bxd2 8.Qxd2 d6
9.Nc3 e5 10.Nd5 Nxd5 11.cxd5 Nxd4 12.Nxd4 exd4 13.Rac1 b6 14.Rfe1 Bb7 15.Qxd4 Rac8
16.Rc3 Qd7 17.Rec1 Rfe8 18.Bf3 Re7 19.Qf4 Re5 20.Qd4 f5 21.Rd1 g5 22.e3 Qf7
23.Bg2 Rce8 24.Rcd3 f4 25.e4 f3 26.Rxf3 Qh5 27.Re3 Rf8 28.Rde1 g4 29.Qc3 Re7
30.f3 gxf3 31.Rxf3 Ref7 32.Ref1 Ba6 33.Rxf7 Rxf7 34.Rxf7 Qxf7 35.Qf3 Qxf3
36.Bxf3 Kf7 37.Kf2 Kf6 38.Ke3 Ke5 39.Bg4 Bb7 40.h4 c5 41.dxc6 Bxc6 42.Bf5 h6
43.g4 Be8 44.g5 hxg5 45.hxg5 Bf7 46.a3 d5 47.Bh7 d4+ 48.Kd3 b5 49.Bf5 Bc4+
50.Kd2 a5 51.Bh7  1/2-1/2

[Event "ch-AUT"]
[Site "Jenbach AUT"]
[Date "2009.07.30"]
[Round "6"]
[White "Ferrari,J"]
[Black "Platzgummer,F"]
[Result "0-1"]
[WhiteElo "2119"]
[BlackElo "2308"]

1.d4 Nf6 2.c4 e6 3.Nf3 Bb4+ 4.Bd2 Qe7 5.g3 Nc6 6.Bg2 Bxd2+ 7.Qxd2 Ne4 8.Qc2 Qb4+
9.Nc3 Nxc3 10.Qxc3 Qxc3+ 11.bxc3 d6 12.Nd2 Na5 13.Rb1 Rb8 14.O-O Ke7 15.Rfc1 b6
16.e3 Ba6 17.Bf1 c5 18.d5 g5 19.e4 g4 20.Re1 e5 21.Bd3 h5 22.Kg2 h4 23.Rf1 Rh6
24.f3 Rbh8 25.fxg4 hxg3 26.h4 Rxh4 27.Nf3 Rxg4 28.Rh1 Rxh1 29.Rxh1 Bxc4 30.Bb1 Be2
31.Nh4 Nc4 32.Nf5+ Kf6 33.Nxg3 Nd2 34.Kf2 Nxb1 35.Rxb1 Bd3 36.Re1 Ke7 37.Kf3 Rf4+
38.Ke3 Bc4 39.Rh1 b5 40.a3 a5 41.Rb1 Kd7 42.Rh1 Kc7 43.Rh2 Kb7 44.Rh1 Kc7
45.Rh2 Kd7 46.Rh1 Rg4 47.Kf3 Rg7 48.Rh2 Bd3 49.Nf5 Rg6 50.Ke3 Bc4 51.Rh8 Rg5
52.Ra8 Bxd5 53.Ra7+ Ke6 54.exd5+ Kxf5 55.Rxf7+ Kg6 56.Rd7 Rg3+ 57.Kd2 Kf5
58.Rxd6 Ke4 59.Rd8 Rd3+ 60.Kc2 Rxd5 61.Ra8 Kf3 62.Rxa5 e4 63.Rxb5 e3 64.Rb8 e2
65.Rf8+ Ke3 66.Re8+ Kf2 67.Rf8+ Ke1 68.Rf7 c4 69.Rf4 Ra5 70.Rxc4 Kf2 71.Re4 e1=Q
72.Rxe1 Kxe1 73.Kd3 Kf2 74.Kd4 Kf3 75.c4 Kf4 76.c5 Kf5 77.Kd5 Kf6 78.Kd6 Rxa3
79.c6 Rd3+  0-1

[Event "Tchibo Open B"]
[Site "Pardubice CZE"]
[Date "2009.07.30"]
[Round "7"]
[White "Bazarov,K"]
[Black "Schneider,Ch"]
[Result "0-1"]
[WhiteElo "2266"]
[BlackElo "2138"]

1.d4 Nf6 2.c4 e6 3.Nf3 Bb4+ 4.Bd2 Be7 5.Nc3 d5 6.Bg5 O-O 7.e3 c6 8.Qc2 Nbd7
9.Rc1 Re8 10.a3 a6 11.h3 Nf8 12.Bd3 Ng6 13.O-O Nd7 14.Bxe7 Qxe7 15.e4 dxc4
16.Bxc4 b5 17.Ba2 c5 18.dxc5 Qxc5 19.Rfd1 Nde5 20.Nd4 Bb7 21.Qe2 Qb6 22.Qe3 Red8
23.Nc2 Qxe3 24.Nxe3 Rac8 25.f3 Kf8 26.Kf1 Ke7 27.Rxd8 Rxd8 28.Ne2 Nd3 29.Rc7+ Rd7
30.Rxd7+ Kxd7 31.Nd1 a5 32.Bb1 Nc5 33.Kf2 Ne5 34.Ke3 Nc4+ 35.Kd4 Na4 36.e5 Naxb2
37.Nxb2 Nxb2 38.Kc5 Nc4 39.a4 bxa4 40.Nc3 Nxe5 41.Nxa4 Bc6 42.Nc3 Kc7 43.Kd4 Ng6
44.Ke3 Kd6 45.g3 Nf8 46.f4 h6 47.Bc2 Kc5 48.g4 f6 49.h4 Kc4 50.Ne2 a4 51.Nd4 Bd7
52.Bb1 Kc3 53.Ba2 Kb2 54.Bc4 a3 55.f5 e5 56.Ne6 Nxe6 57.fxe6 Be8 58.Ke4 a2
59.Bxa2 Kxa2 60.Kd5 Kb3  0-1

[Event "Women's Open"]
[Site "Vratsa BUL"]
[Date "2009.07.30"]
[Round "8"]
[White "Chilingirova,P"]
[Black "Yordanova,S"]
[Result "1-0"]
[WhiteElo "2135"]
[BlackElo "2200"]

1.d4 e6 2.Nf3 Nf6 3.c4 Bb4+ 4.Bd2 Qe7 5.Nc3 Nc6 6.Qc2 O-O 7.e3 Bxc3 8.Bxc3 d6
9.a3 a5 10.b3 Re8 11.Be2 e5 12.d5 Nb8 13.e4 Nbd7 14.Nd2 Nf8 15.Nf1 Ng6 16.g3 Bd7
17.Ne3 Reb8 18.f3 c6 19.Qd2 cxd5 20.cxd5 a4 21.bxa4 Rxa4 22.Bb4 Ne8 23.O-O h5
24.Nc4 b5 25.Na5 Ra8 26.Bd1 R4xa5 27.Bxa5 Bh3 28.Rf2 h4 29.Bb4 Qf6 30.Rc1 Ne7
31.g4 Qg6 32.Be2 Rb8 33.Qe3 Rb7 34.Kh1 Rc7 35.Rxc7 Nxc7 36.Qc1 Ne8 37.Qd2 Nf6
38.Bf1 Bxf1 39.Rxf1 h3 40.Qe2 Nexd5 41.exd5 Nxd5 42.Qe4 Qe6 43.Qf5 Qe7 44.Rc1 g6
45.Qd3 Qe6 46.Rd1 Nf4 47.Qc2 d5 48.Bd2 Ng2 49.Rc1 Qf6 50.Qd3 Kh7 51.Qxd5 Nh4
52.Rf1 b4 53.axb4 Kg8 54.b5 e4 55.Qxe4 Qb2 56.Qe8+ Kg7 57.Qe3 Qxb5 58.Kg1 Ng2
59.Qh6+ Kg8 60.Qxh3  1-0

[Event "Czech Open A"]
[Site "Pardubice CZE"]
[Date "2009.07.31"]
[Round "8"]
[White "Baryshpolets,A"]
[Black "Gavrilov,Al1"]
[Result "1-0"]
[WhiteElo "2426"]
[BlackElo "2480"]

1.d4 Nf6 2.c4 e6 3.Nf3 Bb4+ 4.Bd2 c5 5.Bxb4 cxb4 6.g3 O-O 7.Bg2 d6 8.O-O Nc6
9.Nbd2 e5 10.d5 Nb8 11.c5 e4 12.Ng5 e3 13.Nde4 exf2+ 14.Rxf2 Ng4 15.Rxf7 Rxf7
16.Nxf7 Kxf7 17.Nxd6+ Kg8 18.Qd4 Na6 19.Rf1 Qg5 20.Rf4 h5 21.h3 Nf6 22.Kh2 Rb8
23.e4 Nd7 24.c6 bxc6 25.dxc6 Ne5 26.Nxc8 Rxc8 27.Qd5+ Kh7 28.Rf5 Qd8  1-0

[Event "Czech Open A"]
[Site "Pardubice CZE"]
[Date "2009.08.01"]
[Round "9"]
[White "Zilka,S"]
[Black "Paci,C"]
[Result "1/2-1/2"]
[WhiteElo "2466"]
[BlackElo "2325"]

1.d4 Nf6 2.c4 e6 3.Nf3 Bb4+ 4.Bd2 Qe7 5.g3 Nc6 6.Nc3 Bxc3 7.Bxc3 Ne4 8.Rc1 O-O
9.Bg2 d6 10.d5 Nxc3 11.Rxc3 Nb8 12.dxe6 fxe6 13.O-O Nd7 14.Qc2 e5 15.b4 Nf6
16.Ng5 c6 17.Rd1 h6 18.Ne4 Bf5 19.Nxf6+ Qxf6 20.e4 Bg4 21.f3 Bh5 22.Rcd3 Rad8
23.Qd2 Bf7 24.Rxd6 Rxd6 25.Qxd6 Qxd6 26.Rxd6 Bxc4 27.a3 a5 28.bxa5 Ra8 29.f4 Rxa5
30.Rd8+ Kf7 31.Rd7+ Kf6 32.Bh3 Rxa3 33.Rd6+ Ke7 34.fxe5 Ra5 35.Rd7+ Kf8 36.Rd4 Ba2
37.Bc8 Rxe5 38.Bxb7 c5 39.Ra4 Bb3 40.Ra8+ Kf7 41.Kf2 Re7 42.Rb8 Kf6 43.Ke3 Ke5
44.Ba8 Be6 45.Rd8 Ra7 46.Bd5 Ra3+ 47.Kf2 Bxd5 48.Rxd5+ Kxe4 49.Rxc5 Ra2+
50.Kg1 g6  1/2-1/2

[Event "Open"]
[Site "Stara Pazova SRB"]
[Date "2009.08.01"]
[Round "9"]
[White "Popov,L"]
[Black "Majeric,Z"]
[Result "1/2-1/2"]
[WhiteElo "2317"]
[BlackElo "2257"]

1.d4 Nf6 2.c4 e6 3.Nf3 Bb4+ 4.Bd2 Qe7 5.Nc3 Bxc3 6.Bxc3 Ne4 7.Qc2 Nxc3 8.Qxc3 O-O
9.e3 d6 10.Be2 Nd7 11.O-O e5 12.dxe5 Nxe5 13.Nxe5 Qxe5 14.Qxe5 dxe5 15.Rfd1 Be6  1/2-1/2

[Event "Open"]
[Site "Kavala GRE"]
[Date "2009.08.03"]
[Round "4"]
[White "Markus,Rob"]
[Black "Antic,De"]
[Result "1/2-1/2"]
[WhiteElo "2587"]
[BlackElo "2523"]

1.d4 e6 2.Nf3 Nf6 3.c4 Bb4+ 4.Bd2 c5 5.Bxb4 cxb4 6.g3 O-O 7.Bg2 d6 8.O-O Nc6
9.a3 bxa3 10.Rxa3 e5 11.h3 Bf5 12.Nc3 h6 13.e3 Re8 14.Kh2 Bg6 15.Qb3 exd4
16.Nxd4 Nxd4 17.exd4 Ne4 18.Qb4 Nxc3 19.bxc3 Re7 20.Rfa1 a6  1/2-1/2

[Event "Open"]
[Site "Ptuj SLO"]
[Date "2009.08.06"]
[Round "6"]
[White "Jeraj,Z"]
[Black "Loncar,R"]
[Result "0-1"]
[WhiteElo "2123"]
[BlackElo "2429"]

1.d4 Nf6 2.Nf3 e6 3.c4 Bb4+ 4.Bd2 a5 5.g3 d5 6.a3 Be7 7.Nc3 O-O 8.cxd5 exd5
9.Bg2 c6 10.Qc2 Nbd7 11.O-O Bd6 12.Rac1 Re8 13.Rfe1 h6 14.Nh4 Nb6 15.e4 dxe4
16.Nxe4 Nxe4 17.Bxe4 Be6 18.Nf5 Bf8 19.Rcd1 a4 20.Qc1 Qf6 21.g4 Bxf5 22.gxf5 Bd6
23.Bf4 Bxf4 24.Qxf4 Re7 25.Bc2 Nd5 26.Qg3 Rxe1+ 27.Rxe1 Qxd4 28.Re4 Qxb2
29.f6 Nxf6 30.Rxa4 Re8 31.Qd3 Qc1+ 32.Kg2 g6 33.Bb3 Qg5+ 34.Kf1 Nd5 35.h4 Qc1+
36.Qd1 Qxd1+ 37.Bxd1 Nc3 38.Rd4 Nxd1 39.Rxd1 Ra8 40.Rd3 Ra4 41.h5 g5 42.Rb3 Kg7
43.Ke2 Kf6 44.Kd2 Ke6 45.Kc2 Rc4+ 46.Kb2 b5 47.Re3+ Kd5 48.Re7 Rf4 49.Rd7+ Kc5
50.Rd2 Rh4 51.Rd7 f5 52.Rf7 f4 53.Rf5+ Kb6 54.Rxg5 hxg5  0-1

[Event "Arctic Chess Challenge"]
[Site "Tromso NOR"]
[Date "2009.08.06"]
[Round "6"]
[White "Rolvag,M"]
[Black "Simutowe,A"]
[Result "1/2-1/2"]
[WhiteElo "2196"]
[BlackElo "2481"]

1.d4 Nf6 2.Nf3 e6 3.c4 Bb4+ 4.Bd2 a5 5.g3 b6 6.Bg2 Bb7 7.O-O O-O 8.Nc3 d6
9.Ne1 Bxg2 10.Nxg2 Nbd7 11.f3 d5 12.cxd5 exd5 13.Qb3 c5 14.a3 a4 15.Qc2 Ba5
16.e3 Qc8 17.Ne2 cxd4 18.Qxc8 Rfxc8 19.Bxa5 bxa5 20.Nxd4 Rab8 21.Rf2 Ne5
22.g4 h6 23.h4 g6 24.g5 hxg5 25.hxg5 Nh7 26.f4 Nc4 27.Rc1 Re8 28.Rc3 Nxb2
29.Re2 Rb6 30.Rc5 Nc4 31.Rxd5 f6 32.Rc5 Nxa3 33.Rxa5 Nb1 34.Rc2 fxg5 35.Rxa4 gxf4
36.exf4 Nf6 37.Nf3 Nd5 38.Rac4 Na3 39.Rc8 Nxc2 40.Rxe8+ Kf7 41.Rc8 Rb1+ 42.Kf2 Rb2
43.Kg3 Nce3 44.Nxe3 Nxe3 45.Ne5+ Kf6 46.Ng4+ Nxg4 47.Kxg4 Rb1 48.Rc6+ Kg7
49.Ra6 Rg1+ 50.Kh4 Rg2 51.Rb6 Ra2 52.Kg4 Ra1 53.Kh4 Ra4 54.Kg4 Rc4 55.Ra6 Kh6
56.Rb6 Ra4 57.Rc6 Ra1 58.f5 Rg1+ 59.Kh3 Rg5 60.Rxg6+ Rxg6 61.fxg6 Kxg6  1/2-1/2

[Event "Open"]
[Site "Kavala GRE"]
[Date "2009.08.07"]
[Round "8"]
[White "Shavtvaladze,N"]
[Black "Dzagnidze,N"]
[Result "1-0"]
[WhiteElo "2452"]
[BlackElo "2536"]

1.d4 Nf6 2.Nf3 e6 3.c4 Bb4+ 4.Bd2 a5 5.Nc3 d5 6.e3 O-O 7.Qc2 b6 8.cxd5 exd5
9.Ne5 Ba6 10.Bxa6 Nxa6 11.O-O Re8 12.Nb5 Bxd2 13.Qxd2 c5 14.b3 Ne4 15.Qb2 f6
16.Nf3 Qd7 17.Nc3 Rac8 18.Na4 Re6 19.dxc5 bxc5 20.Rfd1 Rd6 21.Rac1 Nb4 22.a3 Na6
23.Nd2 f5 24.Nc3 Rb8 25.Qc2 Kh8 26.Ne2 h6 27.Nf4 Re8 28.Nf3 d4 29.exd4 cxd4
30.Qc4 g5 31.Nd3 Nc3 32.Nde5 Qe6 33.Nf7+ Kg7 34.Nxd6 Ne2+ 35.Qxe2 Qxe2 36.Re1 Qb2
37.Nxe8+ Kf8 38.Nd6 d3 39.Red1 g4 40.Nd2 Qxa3 41.Nxf5 h5 42.Ne3 Nc5 43.Nec4 Qb4
44.Ra1 Nxb3 45.Nxb3 Qxb3 46.Nxa5 Qd5 47.g3 Kg7 48.Ra3 d2 49.Nb3 Qd3 50.Ra7+ Kg6
51.Nxd2 Qe2 52.Raa1 h4 53.gxh4 Kh5 54.Nf1 Kxh4 55.Rd5 g3 56.Nxg3 Qf3 57.Rh5+  1-0

[Event "Open"]
[Site "Kavala GRE"]
[Date "2009.08.07"]
[Round "8"]
[White "Rychagov,A"]
[Black "Predojevic,B"]
[Result "0-1"]
[WhiteElo "2534"]
[BlackElo "2644"]

1.d4 Nf6 2.Nf3 e6 3.c4 Bb4+ 4.Bd2 c5 5.Bxb4 cxb4 6.g3 O-O 7.Bg2 d6 8.O-O a5
9.Nbd2 Qc7 10.Rc1 b6 11.e4 Bb7 12.Re1 e5 13.Nh4 Nc6 14.Nf5 Rad8 15.Nf1 Bc8
16.N1e3 Bxf5 17.Nd5 Qd7 18.Nxf6+ gxf6 19.exf5 Nxd4 20.Be4 Kh8 21.Qh5 Rg8
22.Qh6 Qe7 23.h4 b5 24.cxb5 d5 25.Bg2 Nxb5 26.Rc5 Nd4 27.Rxd5 Rxd5 28.Bxd5 Nxf5
29.Qh5 Nxg3 30.Qxf7 Qxf7 31.Bxf7 Rg7 32.fxg3 Rxf7 33.Rd1 Rc7 34.Rd5 a4 35.Ra5 Rc2
36.Rxa4 Rxb2 37.Ra7 h5 38.Kf1 Kg8 39.Kg1 Kf8 40.Kf1 Ke8 41.Kg1 e4 42.Kf1 Kd8
43.Kg1 f5 44.Kf1 Kc8 45.Ke1 Rg2 46.Ra5 Kd7 47.Rxf5 Rxa2 48.Rb5 Rb2 49.Rxh5 b3
50.Rb5 Kc6 51.Rb8 Kc5 52.h5 Kc4 53.h6 Rh2 54.Rc8+ Kd3 55.Rb8 b2 56.Kf1 Rh1+  0-1

[Event "XVIII TCh-MKD"]
[Site "Struga MKD"]
[Date "2009.08.11"]
[Round "2"]
[White "Petrov,Sa"]
[Black "Menkinoski,R"]
[Result "1/2-1/2"]
[WhiteElo "2125"]
[BlackElo "2346"]

1.d4 Nf6 2.c4 e6 3.Nf3 Bb4+ 4.Bd2 a5 5.a3 Bxd2+ 6.Nbxd2 a4 7.e3 O-O 8.Bd3 b6
9.O-O Bb7 10.e4 d6 11.Qe2 Nfd7 12.Rfd1 e5 13.Rac1 Nc6 14.d5 Ne7 15.Nf1 Nc5
16.Bb1 Bc8 17.Ne3 h6 18.g3 f5 19.exf5 Nxf5 20.Nxf5 Bxf5 21.Bxf5 Rxf5 22.Nd2 Qf6
23.Rc2 Rf8 24.Rf1 Qf7 25.Rc3 b5 26.cxb5 Qxd5 27.Qc4 e4 28.b4 axb3 29.Qxd5+ Rxd5
30.Nxb3 Rd3 31.Rxd3 exd3 32.Nd2 Ra8 33.Ra1 Ra5 34.b6 cxb6 35.Nc4 Rb5 36.Nxd6 Rb2
37.Kg2 Kf8 38.Nc4 Rc2 39.Ne3 Re2 40.Kf3 Nb3 41.Rd1 Rd2 42.Rb1 Nd4+ 43.Ke4 Nc2
44.Rxb6 Nxa3 45.Rb3 Nc2 46.Rxd3 Rxf2  1/2-1/2

[Event "XVIII TCh-MKD"]
[Site "Struga MKD"]
[Date "2009.08.14"]
[Round "5"]
[White "Colovic,A"]
[Black "Petrovski,A"]
[Result "1/2-1/2"]
[WhiteElo "2441"]
[BlackElo "2233"]

1.d4 Nf6 2.Nf3 e6 3.c4 Bb4+ 4.Bd2 Qe7 5.g3 b6 6.Bg2 Bb7 7.O-O Bxd2 8.Qxd2 d6
9.Qe3 Nbd7 10.Nc3 O-O 11.d5 Rfe8 12.Nd4 e5 13.Nf5 Qf8 14.Nb5 Rec8 15.Bh3 a6
16.Nc3 Re8 17.Qd2 Bc8 18.Ne3 Nc5 19.Bxc8 Rexc8 20.b4 Nce4 21.Nxe4 Nxe4 22.Qc2 Nf6
23.Rfc1 Nd7 24.Nd1 a5 25.a3 axb4 26.axb4 Rxa1 27.Rxa1 Ra8 28.Qb1 g6 29.Nc3 Nf6
30.Nb5 Rxa1 31.Qxa1 Qc8 32.Qa7 Ne8 33.h3 Kg7 34.c5 bxc5 35.bxc5 dxc5 36.Qxc5 Qd7
37.Kg2 h6 38.e4 g5 39.Qc4 Kg8 40.Qc5 Kg7 41.Qc4 Kg8 42.Qc6 Qxc6 43.dxc6 Kg7
44.Kf3 h5 45.Ke3 g4 46.h4 Kg6 47.Kd3 Kf6 48.Kc4 Ke6 49.Kc5 f5 50.exf5+ Kxf5
51.Kd5 Nf6+ 52.Kc4 Ke6 53.Nxc7+  1/2-1/2

[Event "XVIII TCh-MKD"]
[Site "Struga MKD"]
[Date "2009.08.15"]
[Round "6"]
[White "Andonovski,L"]
[Black "Petrovski,A"]
[Result "1-0"]
[WhiteElo "2277"]
[BlackElo "2233"]

1.d4 Nf6 2.c4 e6 3.Nf3 Bb4+ 4.Bd2 c5 5.Bxb4 cxb4 6.g3 b6 7.Bg2 Bb7 8.O-O a5
9.Qd3 d6 10.Nbd2 Qe7 11.a3 Na6 12.Ne1 Bxg2 13.Kxg2 O-O 14.Nc2 bxa3 15.bxa3 e5
16.e4 exd4 17.Qxd4 Nc5 18.f3 Rab8 19.Rab1 Rfc8 20.Ne3 Qe5 21.Nb3 Nxb3 22.Qxe5 dxe5
23.Rxb3 Kf8 24.Rd1 Rc6 25.Rb5 Rc5 26.Rd6 Rxb5 27.cxb5 Rb7 28.g4 h6 29.h4 Nd7
30.Nd5 Ke8 31.g5 hxg5 32.hxg5 Rb8 33.Kg3 g6 34.Kg4 Rb7 35.Rc6 Kd8 36.Rd6 Ke8
37.f4 Nc5 38.Nf6+ Ke7 39.fxe5 Nd7 40.Nd5+ Ke8 41.Kf4 Nc5 42.Nxb6 Ne6+ 43.Kg4 Nc5
44.a4 Re7 45.Rc6 Rxe5 46.Rc8+ Ke7 47.Nd5+  1-0

[Event "BDO Challenger"]
[Site "Haarlem NED"]
[Date "2009.08.16"]
[Round "2"]
[White "De Haan,E"]
[Black "Van Ojik,M"]
[Result "1-0"]
[WhiteElo "2349"]
[BlackElo "2245"]

1.d4 Nf6 2.c4 e6 3.Nf3 Bb4+ 4.Bd2 c5 5.Bxb4 cxb4 6.a3 bxa3 7.Rxa3 O-O 8.Nc3 d6
9.e4 Nc6 10.Be2 e5 11.d5 Ne7 12.O-O Ng6 13.g3 Bh3 14.Re1 h6 15.Bf1 Qd7 16.Bxh3 Qxh3
17.Qd3 a6 18.Qf1 Qg4 19.Nd2 Rac8 20.Nd1 Qd7 21.Ne3 Rc7 22.f3 Kh7 23.b4 Ng8
24.Rc1 N8e7 25.c5 f5 26.Qh3 Qb5 27.exf5 Qxb4 28.fxg6+ Nxg6 29.Rac3 Rxc5 30.Rxc5 dxc5
31.Ne4 Qd4 32.Re1 Kh8 33.Kg2 Qb2+ 34.Kh1 Rxf3 35.Qg2 Qb4 36.Nc2 Qb3 37.Nd2  1-0

[Event "XVIII TCh-MKD"]
[Site "Struga MKD"]
[Date "2009.08.16"]
[Round "7"]
[White "Vasovski,N"]
[Black "Nestorovic,De"]
[Result "1/2-1/2"]
[WhiteElo "2358"]
[BlackElo "2405"]

1.d4 Nf6 2.Nf3 e6 3.c4 Bb4+ 4.Bd2 Qe7 5.g3 Bxd2+ 6.Qxd2 O-O 7.Bg2 d5 8.O-O c6
9.Nc3 Nbd7 10.Qd3 dxc4 11.Qxc4 e5 12.dxe5 Nxe5 13.Nxe5 Qxe5 14.Qf4 Qxf4 15.gxf4 Rd8
16.Rfd1 Be6 17.e4 g6 18.Bf3 Kf8 19.Kf1 Ng4 20.Kg2 Ke7 21.Kg3 Nf6 22.e5 Ne8
23.Bg4 Bxg4 24.Kxg4 Ng7 25.Ne4 Nf5 26.Ng3  1/2-1/2